000 00738nam a2200229Ia 4500
001 3275
003 GE_BSU
008 181216s||||||||xx |||||||||||||| ||und||
040 _cGE_BSU
080 _a532+621.82(075)
100 _aБашта,Т.М. Руднев,С.С. Некрасов,Б.Б. и др.
245 _aГидравлика,гидромашины и гидропроводы.
245 _bУчебник.
245 _cРед.И.Н.Якунина.
250 _aИзд 2-ое.Перераб.
260 _aМ.
260 _bМашиностроение.
260 _c1982.
300 _a423стр.с илл.22см.
653 _aГидравлика,гидромашины и гидропроводы.
942 _cBK
999 _c37316
_d37316